000 00285nam a2200109Ia 4500
008 230907s9999||||xx |||||||||||||| ||und||
082 _a621.381540288
_bTOM
100 _aTomal, Daniel R.,
_9103832
245 0 _aElectronic troubleshooting /
300 _axxii, 458 pages :
942 _cBK
999 _c600949
_d600949